Southville International School and Colleges

Modern pharmaceutical industry : (Record no. 13348)

000 -LEADER
fixed length control field 01286cam a22003734a 4500
001 - CONTROL NUMBER
control field 15675799
003 - CONTROL NUMBER IDENTIFIER
control field OSt
005 - DATE AND TIME OF LATEST TRANSACTION
control field 20140310182430.0
008 - FIXED-LENGTH DATA ELEMENTS--GENERAL INFORMATION
fixed length control field 090324s2010 maua b 001 0 eng
010 ## - LIBRARY OF CONGRESS CONTROL NUMBER
LC control number 2009012593
016 7# - NATIONAL BIBLIOGRAPHIC AGENCY CONTROL NUMBER
Record control number 101499982
Source DNLM
020 ## - INTERNATIONAL STANDARD BOOK NUMBER
International Standard Book Number 9780763766368 (casebound)
020 ## - INTERNATIONAL STANDARD BOOK NUMBER
International Standard Book Number 9780763766368
035 ## - SYSTEM CONTROL NUMBER
System control number (OCoLC)ocn317623329
040 ## - CATALOGING SOURCE
Original cataloging agency DNLM/DLC
Transcribing agency DLC
Modifying agency NLM
-- C#P
-- YDXCP
-- BWX
-- DLC
042 ## - AUTHENTICATION CODE
Authentication code pcc
050 00 - LIBRARY OF CONGRESS CALL NUMBER
Classification number RM 301.25
Item number .M635 2010
541 ## - IMMEDIATE SOURCE OF ACQUISITION NOTE
-- 1
245 00 - TITLE STATEMENT
Title Modern pharmaceutical industry :
Remainder of title a primer /
Statement of responsibility, etc edited by Thomas M. Jacobsen, Albert I. Wertheimer.
260 ## - PUBLICATION, DISTRIBUTION, ETC. (IMPRINT)
Place of publication, distribution, etc Sudbury, Mass. :
Name of publisher, distributor, etc Jones and Bartlett Publishers,
Date of publication, distribution, etc c2010.
300 ## - PHYSICAL DESCRIPTION
Extent xxv, 317 p. :
Other physical details ill. ;
Dimensions 24 cm.
504 ## - BIBLIOGRAPHY, ETC. NOTE
Bibliography, etc Includes bibliographical references and index.
562 ## - COPY AND VERSION IDENTIFICATION NOTE
Number of copies 1
650 #0 - SUBJECT ADDED ENTRY--TOPICAL TERM
Topical term or geographic name as entry element Drug development.
9 (RLIN) 7737
650 #0 - SUBJECT ADDED ENTRY--TOPICAL TERM
Topical term or geographic name as entry element Pharmaceutical industry.
9 (RLIN) 7596
650 12 - SUBJECT ADDED ENTRY--TOPICAL TERM
Topical term or geographic name as entry element Drug Industry.
9 (RLIN) 7599
650 22 - SUBJECT ADDED ENTRY--TOPICAL TERM
Topical term or geographic name as entry element Drug Discovery.
9 (RLIN) 8316
650 22 - SUBJECT ADDED ENTRY--TOPICAL TERM
Topical term or geographic name as entry element Technology, Pharmaceutical.
9 (RLIN) 8317
700 1# - ADDED ENTRY--PERSONAL NAME
Personal name Jacobsen, Thomas M.
9 (RLIN) 8318
700 1# - ADDED ENTRY--PERSONAL NAME
Personal name Wertheimer, Albert I.
9 (RLIN) 8109
906 ## - LOCAL DATA ELEMENT F, LDF (RLIN)
a 7
b cbc
c orignew
d 1
e ecip
f 20
g y-gencatlg
942 ## - ADDED ENTRY ELEMENTS (KOHA)
Source of classification or shelving scheme
Koha item type
Holdings
Lost status Damaged status Date acquired Shelving location Source of classification or shelving scheme Koha item type Price effective from Barcode Date last seen Current Location Withdrawn status Full call number Permanent Location Source of acquisition Copy number
  2012-06-27South SEED-LPDH College Section Books2013-11-06SSLC04292018-05-15South SEED-LPDH College Library RM 301.25 .M635 2010South SEED-LPDH College LibraryDonation1
Powered by Koha